000 01355nam a2200253Ia 4500
003 Ost
005 20260507075211.0
008 260507s9999||||xx |||||||||||||| ||und||
040 _cfsecg
041 _aara
082 _a330
100 _aسمحان، حسين محمد
_eمؤلف
245 0 _aمحاسبة المصارف الاسلامية :
_bفي ضوء المعايير الصادرة عن هيئة المحاسبة و المراجعة و الضوابط للمؤسسات المالية الاسلامية /
_c حسين محمد سمحان
260 _aعمان:
_bدار المسيرة,
_c2009
300 _a415 صفحة؛
_bإيضاحات ؛
_c24 سم
504 _aمراجع ص.407
520 _aمحاسبة المصارف الاسلامية مع توضيح المعالجة المحاسبية للعمليات المتعلقة بها في ضوء معايير المحاسبة و المراجعة و الضوابط للمؤسسات المالية الاسلامية وكدا الحسابات الختامية والقوائم المالية في المصارف الاسلامية
653 _aالبنوك الاسلامية
653 _aالمؤسسات المالية
653 _aالمحاسبة
653 _aمحاسبة المصارف
700 _aمبارك، موسى عمر
_eمؤلف ثانوي
942 _cكتاب
999 _c43466
_d43466